Curiosidades da vida associativa louletana (Registo nº 1386)

Detalhes MARC
000 -Etiqueta do registo
Cabeçalho 00686nam0a2200241 4500
005 - Identificador da versão
Campo de controlo 20240813121834.0
010 ## - Número internacional normalizado dos livros (ISBN)
Número (ISBN) 9789729064425
021 ## - Número do Depósito Legal
Código do país PT
Número 301533/09
100 ## - Dados gerais de processamento
Dados gerais de processamento 20120321d2011 m y0pory5003 ba
102 ## - Pais de publicação ou produção
País de publicação Portugal
101 0# - Língua de publicação
Língua do texto, banda sonora, etc. Português
106 ## - Campo de dados codificados: material textual
Dados codificados do material textual r
105 ## - Campo de dados codificados: livros
Dados codificados dos livros y z 001yy
215 ## - Descrição física 
Indicação específica da natureza do documento e extensão da espécie 89 p.
200 1# - Titulo e menção de responsabilidade
Título próprio Curiosidades da vida associativa louletana
Informação de outro título Pesquisa de Correspondência Expedida e Recebida
Primeira menção de responsabilidade Liliana Guerreiro Mateus
225 2# - Colecção 
Título próprio da colecção cadernos do arquivo
Indicação de volume 6
210 ## - Publicação, Distribuição, etc. 
Lugar da edição, distribuição, etc. Loulé
Nome do editor, distribuidor, etc. Arquivo municipal de Loulé
Data da publicação, distribuição, etc. 2011
700 #1 - Nome de autor-pessoa física (responsabilidade principal)
Número de registo de entrada de autoridade 0001947
Palavra de ordem Mateus
Outra parte do nome não tomada para palavra de ordem Liliana Guerreiro
966 ## - Identificação da Biblioteca
Sigla NUMETECA
942 ## - Elementos de entrada adicionados (Koha)
Tipo de item no Koha Livro
Exemplares
Situação do levantamento Origin of item (home branch) (coded) Biblioteca de empréstimo Código de barras Cota Circulation type (not for loan) Tipo de documento Nota do exemplar Damaged status
  Biblioteca Escolar Eng. Nuno Mergulhão Biblioteca Escolar Eng. Nuno Mergulhão BENM3329 | 2011 908 MAT   Livro Sem mensagem